000 00688nam a22002297a 4500
003 BCEG
005 20260219175216.0
008 260219s1982 mx|||||| |||| 00| 0 spa d
040 _aBCEG
_bspa
_cBCEG
082 0 4 _a333.72
_bB453e
100 1 _aBeltrán, Enrique,
_d1903-1994.
245 1 3 _aEl laberinto de la ecología.
260 _aMéxico :
_bInstituto Mexicano de Recursos Naturales Renovables,
_c1982.
300 _a147 p.
_b: fots.
500 _aIncluye índice fotográfico.
541 _aDonación.
650 1 4 _aEcología.
650 1 4 _aRecursos naturales
_xConservación.
650 1 4 _aMedio ambiente
_xProtección.
700 1 _aCalderwood, Michael,
_efot.
942 _cBK
999 _c437081
_d437081